Influencing shopper decisions : (Record no. 1688)

MARC details
000 -LEADER
fixed length control field 02283cam a2200505 i 4500
001 - CONTROL NUMBER
control field data
005 - DATE AND TIME OF LATEST TRANSACTION
control field 20260322212113.0
008 - FIXED-LENGTH DATA ELEMENTS--GENERAL INFORMATION
fixed length control field data
035 ## - SYSTEM CONTROL NUMBER
System control number 22394381
010 ## - LIBRARY OF CONGRESS CONTROL NUMBER
LC control number 2022931294
015 ## - NATIONAL BIBLIOGRAPHY NUMBER
National bibliography number GBC218494
Source bnb
016 7# - NATIONAL BIBLIOGRAPHIC AGENCY CONTROL NUMBER
Record control number 020481620
Source Uk
020 ## - INTERNATIONAL STANDARD BOOK NUMBER
International Standard Book Number 9781398603615
Qualifying information (paperback)
020 ## - INTERNATIONAL STANDARD BOOK NUMBER
International Standard Book Number 1398603619
Qualifying information (paperback)
020 ## - INTERNATIONAL STANDARD BOOK NUMBER
International Standard Book Number 9781398603639
Qualifying information (hardcover)
020 ## - INTERNATIONAL STANDARD BOOK NUMBER
International Standard Book Number 1398603635
Qualifying information (hardcover)
020 ## - INTERNATIONAL STANDARD BOOK NUMBER
Canceled/invalid ISBN 9781398603622 (PDF ebook)
035 ## - SYSTEM CONTROL NUMBER
System control number (OCoLC)1260240770
040 ## - CATALOGING SOURCE
Original cataloging agency YDX
Language of cataloging eng
Transcribing agency YDX
Description conventions rda
Modifying agency DLC
-- UKMGB
-- OCLCO
-- OCLCF
-- IMD
-- CLE
-- DLC
042 ## - AUTHENTICATION CODE
Authentication code lccopycat
050 00 - LIBRARY OF CONGRESS CALL NUMBER
Classification number HF5415.1255
Item number .B755 2022
082 04 - DEWEY DECIMAL CLASSIFICATION NUMBER
Classification number 658.8
Edition information 23
100 1# - MAIN ENTRY--PERSONAL NAME
Personal name Brooks, Rebecca,
Relator term author.
245 10 - TITLE STATEMENT
Title Influencing shopper decisions :
Remainder of title unleash the power of your brand to win customers /
Statement of responsibility, etc. Rebecca Brooks, Devora Rogers.
264 #1 - PRODUCTION, PUBLICATION, DISTRIBUTION, MANUFACTURE, AND COPYRIGHT NOTICE
Place of production, publication, distribution, manufacture London :
Name of producer, publisher, distributor, manufacturer Kogan Page ;
Date of production, publication, distribution, manufacture, or copyright notice 2022.
300 ## - PHYSICAL DESCRIPTION
Extent xx, 184 pages :
Other physical details illustrations ;
Dimensions 24 cm
336 ## - CONTENT TYPE
Content type term text
Source rdacontent
337 ## - MEDIA TYPE
Media type term unmediated
Source rdamedia
338 ## - CARRIER TYPE
Carrier type term volume
Source rdacarrier
504 ## - BIBLIOGRAPHY, ETC. NOTE
Bibliography, etc. note Includes bibliographic references and index.
520 ## - SUMMARY, ETC.
Summary, etc. Constant change, rapid innovation, category disruptors, rising shopper expectations and new access to goods and services have made consumers and shoppers incredibly adept at wading through oceans of research and information. Before making a purchase decision, your brand's target consumer is a shopper. With more choices than ever before, shoppers are becoming increasingly promiscuous, opening themselves up to new brands, products and shopping channels. In Influencing Shopper Decisions, the authors are market researchers who reveal how brands can help shoppers say "yes" by better understanding consumer decision-making.
650 #0 - SUBJECT ADDED ENTRY--TOPICAL TERM
Topical term or geographic name entry element Branding (Marketing)
650 #0 - SUBJECT ADDED ENTRY--TOPICAL TERM
Topical term or geographic name entry element Marketing.
650 #0 - SUBJECT ADDED ENTRY--TOPICAL TERM
Topical term or geographic name entry element Advertising.
650 #2 - SUBJECT ADDED ENTRY--TOPICAL TERM
Topical term or geographic name entry element Marketing
650 #6 - SUBJECT ADDED ENTRY--TOPICAL TERM
Topical term or geographic name entry element Marketing.
650 #7 - SUBJECT ADDED ENTRY--TOPICAL TERM
Topical term or geographic name entry element marketing.
Source of heading or term aat
650 #7 - SUBJECT ADDED ENTRY--TOPICAL TERM
Topical term or geographic name entry element Advertising.
Source of heading or term fast
Authority record control number or standard number (OCoLC)fst00797511
650 #7 - SUBJECT ADDED ENTRY--TOPICAL TERM
Topical term or geographic name entry element Marketing.
Source of heading or term fast
Authority record control number or standard number (OCoLC)fst01010167
700 1# - ADDED ENTRY--PERSONAL NAME
Personal name Rogers, Devora
Relator term author.
776 08 - ADDITIONAL PHYSICAL FORM ENTRY
Relationship information ebook version :
International Standard Book Number 9781398603622
906 ## - LOCAL DATA ELEMENT F, LDF (RLIN)
a 7
b cbc
c copycat
d 2
e ncip
f 20
g y-gencatlg
925 0# -
-- acquire
-- 1 shelf copy
-- policy default
Holdings
Withdrawn status Lost status Damaged status Not for loan Home library Current library Shelving location Date acquired Total checkouts Full call number Barcode Date last seen Price effective from Koha item type
        Springfield Springfield General stacks 22/03/2026   658.8 LOC-SPL-00031 22/03/2026 22/03/2026 Books